| 000 | 00740cam a22002413a 4500 | ||
|---|---|---|---|
| 001 | 21643 | ||
| 003 | PGUSA | ||
| 005 | 20140828083448.0 | ||
| 008 | 070530s2007||||xxu|||||s|||||000 | eng d | ||
| 040 |
_aPGUSA _beng |
||
| 042 | _adc | ||
| 050 | 4 | _aDA | |
| 100 | 1 |
_aMitton, G. E. _q(Geraldine Edith) |
|
| 245 | 1 | 4 |
_aThe Kensington District : _bThe Fascination of London _h[electronic resource] / _cG. E. Mitton |
| 260 |
_bProject Gutenberg, _c2007 |
||
| 506 | _aPublic domain in the USA. | ||
| 516 | _aElectronic text | ||
| 653 | _aKensington (London, England) -- Description and travel | ||
| 700 | 1 |
_aBesant, Walter, _d1836-1901 |
|
| 830 | 0 |
_aProject Gutenberg _v21643 |
|
| 856 | 4 | 0 | _uhttp://www.gutenberg.org/ebooks/21643 |
| 942 | _cEB | ||
| 999 |
_c250898 _d250898 |
||